| 000 | 00830nam a22002657a 4500 | ||
|---|---|---|---|
| 001 | 9229 | ||
| 003 | FISKH | ||
| 005 | 20251203155459.0 | ||
| 008 | 251203b cb ||||| |||| 00| 0 eng d | ||
| 020 | _a9780689822216 | ||
| 040 |
_aFISKH _beng _cFISKH _dFISKH |
||
| 050 | _aE184.A1 K85 | ||
| 082 | _a305.8 | ||
| 100 |
_aKuklin, Susan _eAuthor |
||
| 245 |
_aHow my family live in America / _cSusan Kuklin |
||
| 260 |
_aNew York : _bSimon & Schuster , _c1992 |
||
| 300 |
_a30 unnumbered pages : _bcolor illustrations ; _c21 x 26 cm |
||
| 505 | _aR | ||
| 520 | _aAfrican-American, Asian-American, and Hispanic-American children describe their families' cultural traditions. | ||
| 521 | 8 |
_a680
_bLexile |
|
| 521 | 8 |
_aR
_bRaz-Plus |
|
| 650 |
_aLearning about other cultures _vFamily |
||
| 942 |
_2ddc _cBK _n0 |
||
| 999 |
_c9229 _d9229 |
||